000
00329nam a2200133Ia 4500
005
20251222144923.0
008
251222s9999||||xx |||||||||||||| ||spa||
020
_a
9972-2909-9-9
082
_a
362.785/T27
100
_a
Tazza Malta, Rosana Rebeca
245
0
_a
¿Obesidad o Desnutrición?:
264
_b
Kreagraf
942
_c
LIB
999
_c
22796
_d
22796